000 01243nam0a22002771 4500
001 RU\NLR\INFOCOMM_253\5000055397
005 20250613101747.0
035 _a(NLR Aleph) 009391931
090 _a8048421
_c8048421
100 _a20110111d1969 |||y0rusy50 ca
101 1 _aspa
_crus
102 _aRU
105 _aa ||||000|y
200 1 _aLa guardia leninista del planeta
_eRelatos de colaboradores y contemporaneos de Lenin
_f[Selección de L. Davydov
_gTrad. del ruso por Venancio Uribes]
210 _aM.
_cProgreso
_d[1969]
215 _a336 с.; 1 л. портр.
_cил., портр.
_d21 см
300 _aНа обороте тит. л.: Ленинская гвардия планеты
330 _aРассказы о М. Кашене, Г. Димитрове, У. Галлахере, А. Грамши, Э. Флинн, Д. А. Джонсе, С. Катаяме, Б. Куне, О. Куусинене, Ф. Платтене, Д. Риде, Э. Тельмане, П. Тольятти, М. Торезе, К. Цеткин
686 _aИ1350
_2rubbk
686 _aˆ[‰Ф61(0)608]
_2rubbk
702 1 _aDavydov
_bL.
_4220
801 1 _aRU
_bNLR
_c20110111
801 0 _aRU
_bNLR
_gPSBO
852 _aNLR
_jИ25 Д-3/62
942 _cBOOK
980 _aNB